Asian Cuisine - Sudden Death - Statistics

General Stats
  • This quiz has been taken 1,639 times
  • The average score is 11 of 20
Answers on the Grid
Answers color-coded by a green-red scale on the quiz's grid according to % correct below.
Kimchi
Ramen
Pizza
Sushi
Lasagna
Chow mein
Tom yum
Goulash
Borscht
Fish and chips
Pad thai
Gazpacho
Wonton
Pierogi
Cassoulet
Miso soup
Paella
Samosa
Khinkali
Beshbarmak
Pelmeni
Biryani
Moussaka
Pho
Haggis
Vindaloo
Couscous
Kabsa
Poutine
Fattoush
Buffalo wings
Feijoada
Peking duck
Tagine
Nasi lemak
Jollof rice
Ceviche
Bibimbap
Falafel
Tabbouleh
 
Answer Stats
Answer % Correct
Kimchi
95%
Ramen
93%
Sushi
92%
Pad thai
85%
Chow mein
82%
Miso soup
81%
Wonton
77%
Tom yum
71%
Pho
69%
Peking duck
59%
Biryani
57%
Samosa
57%
Bibimbap
52%
Vindaloo
40%
Nasi lemak
36%
Falafel
32%
Tabbouleh
20%
Beshbarmak
13%
Fattoush
13%
Kabsa
9%
No matching quizzes found
Score Distribution
Percent of People with Each Score
Percentile by Number Answered
Your Score History
You have not taken this quiz